01129nam a2200265 4500001000800000005001700008007000400025008000400029010001700033015001000050020002400060040001900084050002100103082001300124111008900137245015700226260009800383300002400481500019200505504005100697650004100748650002600789700002600815710002200841362540120150413144222.0000000 a 74081990  aJa*** a0860081095 :cY8500 aUOELcDLCdDLC00aQA613b.I57 197300a514/.2232 aInternational Conference on Manifolds and Related Topics in Topology,cTokyo,d1973.10aManifolds-Tokyo, 1973 :bproceedings of the International Conference on Manifolds and Related Topics in Topology, Tokyo, 1973 /cedited by Akio Hattori. aTokyo :bPublished for the Mathematical Society of Japan by University of Tokyo Press,c1975. ax, 433 p. ;c27 cm. a"Held by the Mathematical Society of Japan under the co-sponsorship of the International Mathematical Union and the support of the Ministry of Education and the Science Council of Japan." aIncludes bibliographical references and index. 0aManifolds (Mathematics)xMathematics 0aTopologyxMathematics1 aHattori, Akio,d1929-2 aNihon Sūgakkai.